000 00964nam a22002537a 4500
999 _c19873
_d19873
003 AR-CdUCM
008 190523b ||||| |||| 00| 0 spa d
040 _aMUNICIPALIDAD PROVINCIAL DEL CUSCO
_cBIBLIOTECA MUNICIPAL DEL CUSCO
041 _heng
082 _a650.7 /
_bT71
100 _aTonne, Herbert A.
_941549
245 _aMétodos para la enseñanza de materias comerciales /
260 _aMéxico :
_bF. Trillas,
_c1965.
300 _a431 páginas ;
_c23 cm.
505 _aContenido: Introducción a la educación comercial -- Introducción a la enseñanza de asignaturas comerciales -- Procedimientos efectivos para la enseñanza de materias comerciales...
650 _aHabilidades
_928008
650 _aCiencia
_92098
650 _aMaterias básicas
_941550
700 _aPopham, Estelle L.
_941551
700 _aFreeman, M. Herbert
_941552
700 _aPalazón, Ramón (traducción)
_940479
942 _2ddc
_cLIBROS
945 _adavv
_d2019-05-23